000 01884nam a2200517 i 4500
001 1583
003 KOSZ 005
005 20210126143143.0
008 000320s1980 pl a f |000 0 pol d
015 _aPB 1980/7730
020 _a8321329020
035 _a(OCoLC)751048651
040 _aWA N
_cWA N
_dKOSZ 005/EC
_dKOSZ 005/HR
041 0 _apol
046 _k1980
080 _a69.057
080 _a728.3
245 0 0 _aProcesy przemysłowe w budownictwie mieszkaniowym /
_caut. Jerzy Bielawski [et al.] ; kier. zespoł. aut. Kazimierz Cieszyński.
260 _aWarszawa :
_b"Arkady",
_c1980.
300 _a578, [2] s. :
_bil., tab., wykr. ;
_c25 cm.
336 _2rdacontent
_aTekst
_btxt
337 _2rdamedia
_aBez urządzenia pośredniczącego
_bn
338 _2rdacarrier
_aWolumin
_bnc
380 _aKsiążki
380 _aPublikacje fachowe
388 _a1901-2000
388 _a1945-1989
504 _aBibliogr. s. 574-[579].
658 _aArchitektura i budownictwo
650 4 _aBudownictwo mieszkaniowe
650 4 _aPrefabrykaty
650 4 _aBudownictwo wielkopłytowe
700 1 _aKalabiński, Bolesław.
_eAutor
700 1 _aMinasowicz, Andrzej.
_eAutor
700 1 _aWoźniak, Roman
_eAutor
700 1 _aWróblewski, Seweryn
_b(budownictwo).
_eAutor
710 2 _aWydawnictwo "Arkady".
_4pbl.
700 1 _aChrabczyński, Grzegorz.
_d(1930-2015)
_eAutor
700 1 _aMichnowski, Zygmunt
_eAutor
700 1 _aBielawski, Jerzy
_eAutor
700 1 _aHładyniuk, Włodzimierz
_eAutor
700 1 _aLenkiewicz, Władysław
_d(1915-2005)
_eAutor
700 1 _aCieszyński, Kazimierz
_d(1931-2015)
_eAutor
_eRedakcja
856 _uhttp://koha.tu.koszalin.pl/cgi-bin/koha/opac-detail.pl?biblionumber=1583
_yKatalog online BPK
942 _2UKD
_cKS
999 _c1583
_d1583